| 000 | 01136nam a22003497a 4500 | ||
|---|---|---|---|
| 003 | CHAP | ||
| 005 | 20220329143532.0 | ||
| 008 | 100419s2008 us r 00010 spa d | ||
| 010 | _a98171 | ||
| 011 | _a99143 | ||
| 020 | _a9780387790534 | ||
| 035 | _a109828 | ||
| 040 | _cCHAP | ||
| 082 | 0 | 4 |
_a519.50285 _bD15 2008 |
| 100 | 1 |
_aDalgaard, Peter _930943 |
|
| 245 | 1 | 0 |
_aIntroductory statistics with R _c/Por Peter Dalgaard |
| 250 | _a2 ed. | ||
| 260 |
_aNew York : _bSpringer, _cc2008 |
||
| 300 |
_axvi, 363 p. : _bgráfs. |
||
| 490 | 0 | _aSpringer Statistics and Computing> | |
| 590 |
_aBATCH-UPD _b10 _c20130110 _lUCH01 _h0951 |
||
| 590 |
_aBATCH-UPD _b10 _c20130410 _lUCH01 _h0605 |
||
| 590 |
_aBATCH-UPD _b10 _c20130914 _lUCH01 _h1135 |
||
| 590 |
_aCONVERSION _b10 _c20130109 _lUCH01 _h1354 |
||
| 650 | 1 | 4 |
_aEstadística. _938241 |
| 650 | 1 | 4 |
_aLenguajes de programación. _965989 |
| 650 | 1 | 4 |
_aProcesamiento automático de datos. _991738 |
| 830 | 0 |
_aSpringer Statistics and Computing> _9109295 |
|
| 901 | _aBK | ||
| 942 | _cLIBRO | ||
| 949 |
_a519.50285 D15 2008 _bBC _cLIBRO _d33724002169017 _eLIBRO _gI.c/e _h112310 _i109828 _si _t$840.32 |
||
| 999 |
_c98171 _d98171 |
||